El manierismo en el arte europeo de 1520 a 1650 y en el actual / (Record no. 80351)

MARC details
000 -LEADER
campo de control de longitud fija 00531nam a2200157 i 4500
001 - NÚMERO DE CONTROL
campo de control 80351
003 - IDENTIFICADOR DE NÚMERO DE CONTROL
campo de control ES-MaACL
007 - CAMPO FIJO DE DESCRIPCIÓN FÍSICA--INFORMACIÓN GENERAL
campo de control de longitud fija t|
008 - DATOS DE LONGITUD FIJA--INFORMACIÓN GENERAL
campo de control de longitud fija 041027s1961 sp ||||1| spa d
100 1# - ENTRADA PRINCIPAL--NOMBRE DE PERSONA
Nombre de persona Hocke, Gustav René.
9 (RLIN) 63880
245 13 - MENCIÓN DEL TÍTULO
Título El manierismo en el arte europeo de 1520 a 1650 y en el actual /
Mención de responsabilidad, etc. Gustav René Hocke ; [lo tradujo del alemán José rey Aneiros].
260 ## - PUBLICACIÓN, DISTRIBUCIÓN, ETC.
Lugar de publicación, distribución, etc. Madrid :
Nombre del editor, distribuidor, etc. Guadarrama,
Fecha de publicación, distribución, etc. [1961]
300 ## - DESCRIPCIÓN FÍSICA
Extensión 422 p., 39 lám. ;
Dimensiones 19 cm.
700 1# - ENTRADA AGREGADA--NOMBRE PERSONAL
Nombre de persona Rey Aneiros, José.
9 (RLIN) 96516
852 ## - LOCALIZACIÓN
Ubicación ES-MaACL
Número de control de estantería E-5097
Sublocalización o colección R.47459
Holdings
Estatus retirado Estado de pérdida Estado de daño No para préstamo Biblioteca de origen Biblioteca actual Ubicación en estantería Fecha de adquisición Fuente de adquisición Total de préstamos Signatura topográfica completa Código de barras Visto por última vez Precio de reemplazo Tipo de ítem Koha
        Biblioteca del Ateneo de Madrid Biblioteca del Ateneo de Madrid Depósito 2 17/01/2008     E-5097 1084011 23/02/2023 23/02/2023 Libro impreso